Workforce Crisis (Registro nro. 19608)

Detalles MARC
000 -LEADER
fixed length control field 00351 a2200133 4500
001 - CONTROL NUMBER
control field ART_17566
005 - DATE AND TIME OF LATEST TRANSACTION
control field 20260410161750.0
008 - FIXED-LENGTH DATA ELEMENTS--GENERAL INFORMATION
fixed length control field 260409a
100 1# - MAIN ENTRY--PERSONAL NAME
Personal name Erickson, Tamara J.
245 10 - TITLE STATEMENT
Title Workforce Crisis
700 1# - ADDED ENTRY--PERSONAL NAME
Personal name Dychtwald, Ken
700 1# - ADDED ENTRY--PERSONAL NAME
Personal name Morison, Robert
773 0# - HOST ITEM ENTRY
Title Book Summary
Related parts - Nº 10 (ene. 2007)
Record control number REV4099

No hay ítems disponibles.